00627nam a2200157 a 450000100100000000500170001000800410002704000250006810000300009324500500012326000420017330000210021595201080023695201080034499900170045200003379720200930070527.0110912s1849 xxu 000 spa d aDO-SdBNPbengcBNPHU 1aIrving, Washington947817 0aThe life and voyages of Christopher Columbus. aNew York, :bGeorge P. Putnam,c1849. a492 p. ;c20 cm. 001050718RVaPDbPDcHDd2011-09-12iLF1l0ov. 1p33797-10r2020-06-25w2020-06-25y1ZNo se presta 001050718RVaPDbPDcCTd2011-09-26iLF1l0ov. 2p33797-20r2020-06-25w2020-06-25y1ZNo se presta c33288d33288